Statistiche per Città Italiane con Indizi- Versione più Difficile

Clicka qui per fare il quiz!

Statistiche generali

  • Questo quiz è stato fatto 999 volte
    (289 dall'ultimo reset)
  • Il punteggio medio è 26 su 38

Statistiche sulle risposte

IndizioCittá% Corretto
Juventus Stadium- Museo EgizioTorino
99%
Stadio di San Siro- Aeroporto "Linate"Milano
97%
ColosseoRoma
97%
Mozzarella di bufala- Pizza- VesuvioNapoli
94%
Torre degli Asinelli- TortelliniBologna
93%
Galleria degli UffiziFirenze
93%
Capoluogo della SardegnaCagliari
91%
Gondole e canali d'acquaVenezia
91%
Etna (città più vicina)Catania
88%
Arco di Augusto- Capoluogo della Valle d'AostaAosta
86%
La Lanterna- Famoso acquario: Acquario di...Genova
85%
Famosi "Sassi" - Vergogna d'Italia- Capitale Europea della cultura 2019Matera
84%
Provincia dell'Emilia- Romagna da cui prende il nome un famoso prosciuttoParma
84%
Capoluogo del MoliseCampobasso
83%
In inglese si dice "Padua"Padova
83%
Capoluogo della Basilicata che è anche una parola italianaPotenza
78%
Capoluogo della PugliaBari
77%
Famosa località marina della provincia di RiminiRiccione
77%
È una provincia composta da due città: Urbino e...Pesaro
76%
Provincia della Puglia il cui nome ricorda lo spumante e CapodannoBrindisi
74%
Capoluogo della CalabriaCatanzaro
73%
Palazzo dei Priori- Capoluogo dell' UmbriaPerugia
69%
Qui e in altre località dell'Alto Adige ci sono i famosi mercatini natalizi- Lingua TedescaBolzano
68%
Isola d'ElbaLivorno
68%
Piazza dei MiracoliPisa
63%
Costa SmeraldaOlbia
60%
Provincia dell'Umbria dopo PerugiaTerni
60%
PiadinaRimini
51%
I nomi di queste città toscane sono anche parole di senso compiuto in Italiano (ordine alfabetico)Massa
46%
Vi si pratica la risicoltura (insieme a Novara)Vercelli
46%
Palazzo Ducale nelle MarcheUrbino
45%
Prato
41%
Castello di MiramareTrieste
35%
Città famosa per lo spumante ItalianoAsti
32%
Località balneare del MoliseTermoli
28%
Fontana delle 99 CannelleL' Aquila
25%
Con l'accento sull'ultima "o" diventa una parola italianaComo
19%
Castello del BuonconsiglioTrento
16%

Distribuzione punteggi

Percentile per numero di risposta

Percentuale di utenti per punteggio

I tuoi punteggi nel tempo

Non hai fatto questo quiz dall'ultimo reset